Вдохновенные лжецы, или Самые удивительные и самые правдивые истории, имевшие место на суше и на море, в воздухе и даже в космосе: [cборник]; для среднего и старшего школьного возраста; Удивительные приключения барона Мюнхгаузена; Тартарен из Тараскона; Приключения капитана Врунгеля; Звездные дневники Ийона Тихого
| Další autoři: | |
|---|---|
| Jazyk: | ruština |
| Vydáno: |
Ростов-на-Дону, Ростовское книжное изд-во, 1990
|
| TOC: | Г. А. Бюргер, Удивительные приключения барона Мюнхгаузена; А. Доде, Тартарен из Тараскона; А. Некрасов, Приключения капитана Врунгеля; С. Лем, Звездные дневники Ийона Тихого; |
| Témata: | |
| Médium: | MixedMaterials Kniha |
| KOHA link: | https://koha.lib.tpu.ru/cgi-bin/koha/opac-detail.pl?biblionumber=154488 |
MARC
| LEADER | 00000nam0a2200000 4500 | ||
|---|---|---|---|
| 001 | 154488 | ||
| 005 | 20231031151907.0 | ||
| 010 | |a 5750901165 | ||
| 020 | |a RU |b 91-51913 | ||
| 035 | |a (RuTPU)RU\TPU\book\167572 | ||
| 090 | |a 154488 | ||
| 100 | |a 20090227d1990 de y0rusy5003 ca | ||
| 101 | 0 | |a rus |c rus | |
| 102 | |a RU | ||
| 105 | |a a z 000ay | ||
| 200 | 1 | |a Вдохновенные лжецы, или Самые удивительные и самые правдивые истории, имевшие место на суше и на море, в воздухе и даже в космосе |e [cборник] |e для среднего и старшего школьного возраста |f худож. В. В. Вторенко | |
| 210 | |a Ростов-на-Дону |c Ростовское книжное изд-во |d 1990 | ||
| 215 | |a 384 с. |c ил. |d 20 см | ||
| 464 | |t Удивительные приключения барона Мюнхгаузена |f Г. А. Бюргер | ||
| 464 | |t Тартарен из Тараскона |f А. Доде | ||
| 464 | |t Приключения капитана Врунгеля |f А. Некрасов | ||
| 464 | |t Звездные дневники Ийона Тихого |f С. Лем | ||
| 610 | 1 | |a фантастические повести | |
| 610 | 1 | |a детская литература | |
| 675 | |a 89 |z rus | ||
| 702 | 1 | |a Вторенко |b В. В. |4 440 | |
| 801 | 0 | |a RU |b RuMRKP |c 19950417 |g psbo | |
| 801 | 1 | |a RU |b 63413507 |c 20090227 |g PSBO | |
| 801 | 2 | |a RU |b 63413507 |c 20200415 |g PSBO | |
| 942 | |c BK | ||